Axtarış yollarının bəhrəsi (Record no. 251)
[ view plain ]
| 000 -LEADER | |
|---|---|
| fixed length control field | 01711nam a22003377a 4500 |
| 003 - CONTROL NUMBER IDENTIFIER | |
| control field | OSt |
| 005 - DATE AND TIME OF LATEST TRANSACTION | |
| control field | 20260420122534.0 |
| 008 - FIXED-LENGTH DATA ELEMENTS--GENERAL INFORMATION | |
| fixed length control field | 260420b |||||||| |||| 00| 0 aze d |
| 020 ## - INTERNATIONAL STANDARD BOOK NUMBER | |
| International Standard Book Number | 9789952460414 |
| 040 ## - CATALOGING SOURCE | |
| Original cataloging agency | AZ-XaKU |
| Language of cataloging | aze |
| Transcribing agency | AZ-XaKU |
| 041 ## - LANGUAGE CODE | |
| Language code of text/sound track or separate title | aze |
| 050 04 - LIBRARY OF CONGRESS CALL NUMBER | |
| Classification number | ML60 .Ef251 .Se171 2014 |
| 245 1# - TITLE STATEMENT | |
| Title | Axtarış yollarının bəhrəsi |
| Statement of responsibility, etc. | / tərtibçilər: Leyla Məmmədova, Mehriban Əhmədova |
| 264 ## - PRODUCTION, PUBLICATION, DISTRIBUTION, MANUFACTURE, AND COPYRIGHT NOTICE | |
| Place of production, publication, distribution, manufacture | Bakı: |
| Name of producer, publisher, distributor, manufacturer | Zərdabi LTD MMC, |
| Date of production, publication, distribution, manufacture, or copyright notice | 2014. |
| 300 ## - PHYSICAL DESCRIPTION | |
| Extent | 524 səhifə ; |
| Other physical details | şəkilli ; |
| Dimensions | 22 sm. |
| 336 ## - CONTENT TYPE | |
| Content type term | text |
| Content type code | txt |
| Source | rdacontent |
| 337 ## - MEDIA TYPE | |
| Media type term | unmediated |
| Media type code | n |
| Source | rdamedia |
| 338 ## - CARRIER TYPE | |
| Carrier type term | volume |
| Carrier type code | nc |
| Source | rdacarrier |
| 500 ## - GENERAL NOTE | |
| General note | Atam Məmməd Sadıx Əfəndiyev və anam Müsalət xanım Quliyevanın əziz xatirəsinə ithaf edirəm. |
| 505 0# - Formatted Contents Note | |
| Formatted contents note | Bəstəkarlarımızın, musiqişünaslarımızın, ifaçılarımızın portretləri -- Həyatımızın musiqi səhifələri -- Publisistika və tənqid |
| 520 ## - SUMMARY, ETC. | |
| Summary, etc. | Kitabda Azərbaycan Respublikasının Əməkdar incəsənət xadimi, sənətşünaslıq doktoru, professor, musiqişünas alim İmruz Məmməd Sadıx qızı Əfəndiyevanın müxtəlif illərdə qələmə aldığı, Azərbaycanın və Moskvanın nüfuzlu elmi jurnal və məcmuələrində dərc edilən elmi və publisistik məqalələri öz əksini tapmışdır. |
| 521 ## - TARGET AUDIENCE NOTE | |
| Target audience note | Kitab mütəxəssislər və geniş oxucu kütləsi üçün nəzərdə tutulmuşdur. |
| 650 #7 - SUBJECT ADDED ENTRY--TOPICAL TERM | |
| Source of heading or term | AZ-XaKU |
| Topical term or geographic name entry element | Azərbaycan musiqisi |
| 655 ## - INDEX TERM--GENRE/FORM | |
| Genre/form data or focus term | Dərsliklər |
| 700 1# - ADDED ENTRY--PERSONAL NAME | |
| Personal name | Məmmədova, Leyla, |
| Relator term | tərtibçi. |
| 700 1# - ADDED ENTRY--PERSONAL NAME | |
| Personal name | Əhmədova, Mehriban, |
| Relator term | tərtibçi. |
| 700 1# - ADDED ENTRY--PERSONAL NAME | |
| Personal name | Abdullazadə, Gülnar, |
| Relator term | redaktor. |
| 700 1# - ADDED ENTRY--PERSONAL NAME | |
| Personal name | Mahmudova, Ceyran, |
| Relator term | redaktor. |
| 942 ## - ADDED ENTRY ELEMENTS (KOHA) | |
| Koha item type | Book |
| Withdrawn status | Lost status | Source of classification or shelving scheme | Damaged status | Not for loan | Collection | Home library | Current library | Date acquired | Total checkouts | Full call number | Barcode | Date last seen | Copy number | Price effective from | Koha item type |
|---|---|---|---|---|---|---|---|---|---|---|---|---|---|---|---|
| Library of Congress Classification | Fine Arts Collection | Karabakh University Main Library | Karabakh University Art Library | 04/20/2026 | ML60 .Ef251 .Se171 2014 | 0000001086 | 04/20/2026 | 1 | 04/20/2026 | Book |